Family issues between gender and generations: seminar report
Saved in:
| 主要作者: | |
|---|---|
| 格式: | 圖書 |
| 語言: | 英语 |
| 出版: |
Viena
Austrian Institute for Family Studies
2000
Viena European Observatory on Family Matters 2000 |
| 叢編: | Employment & Social Affairs
|
| 主題: | |
| 標簽: |
添加標簽
沒有標簽, 成為第一個標記此記錄!
|
MARC
| LEADER | 00000nam a2200000 a 4500 | ||
|---|---|---|---|
| 001 | UCM5023 | ||
| 003 | CL-VaPUC | ||
| 008 | 020927e20000000AU |||||||||||||||||eng|d | ||
| 082 | 0 | 4 | |a 306.85 |b TRN |2 21 |
| 100 | 0 | |a Trnka, Sylvia |e author |9 471307 | |
| 245 | 1 | 0 | |a Family issues between gender and generations: seminar report |
| 300 | |a 92 p | ||
| 942 | |c BK | ||
| 945 | |d 20020927 00:00:00 |a cmena | ||
| 260 | |a Viena |b Austrian Institute for Family Studies |c 2000 | ||
| 260 | |a Viena |b European Observatory on Family Matters |c 2000 | ||
| 650 | 0 | |a Familias |9 255641 | |
| 650 | 7 | |a RELACIONES FAMILIARES |2 CL-VaPUC |9 333100 | |
| 650 | 0 | |a Cambio social |9 256857 | |
| 650 | 7 | |a ESTADO Y FAMILIA |2 CL-VaPUC |9 471308 | |
| 583 | |a last modification |c 20130618 10:45:03 |k Rodrigo Vera | ||
| 490 | 0 | |a Employment & Social Affairs | |
| 999 | |c 301325 |d 301323 | ||
| 952 | |0 0 |1 0 |4 0 |6 306_850000000000000_TRN_2000_2000 |7 0 |8 A |9 360174 |a BIBDER |b BIBDER |d 2019-11-21 |i 3649695 |o 306.85 TRN 2000 2000 |p 3649695 |r 2023-01-25 |w 2019-11-21 |y BK |k DER | ||